| 000 | 00394nam a2200169Ia 4500 | ||
|---|---|---|---|
| 005 | 20240823012033.0 | ||
| 008 | 240823s9999||||xx |||||||||||||| ||und|| | ||
| 082 | _A658.3126 N9 | ||
| 100 | _aBurnett | ||
| 245 | 0 | _aPromotion Management | |
| 250 | _a1st | ||
| 260 |
_c1999 _b"AITBS,New Delhi" |
||
| 500 | _aYES | ||
| 650 |
_aManagement _bManagement Studies |
||
| 942 | _cBK | ||
| 999 |
_c163249 _d163249 |
||